| 000 | 01557nam a2200361Ia 4500 | ||
|---|---|---|---|
| 001 | ebr10112607 | ||
| 003 | CaPaEBR | ||
| 006 | m u | ||
| 007 | cr cn||||||||| | ||
| 008 | 050706s2005 caua sb 001 0 eng d | ||
| 020 | _z0738490598 | ||
| 040 |
_aCaPaEBR _cCaPaEBR |
||
| 035 | _a(OCoLC)61453788 | ||
| 050 | 1 | 4 |
_aQA76.9.D3 _bA36 2005eb |
| 082 | 0 | 4 |
_a005.75/65 _222 |
| 245 | 0 | 0 |
_aAdministration solutions for DB2 UDB for z/OS _h[electronic resource] / _cPaolo Bruni ... [et al.]. |
| 250 | _a1st ed. | ||
| 260 |
_aSan Jose, CA : _bIBM Corp., International Technical Support Organization, _cc2005. |
||
| 300 |
_axxiv, 325 p. : _bill. |
||
| 490 | 1 | _aRedbooks | |
| 500 | _aThis edition applies to: IBM DB2 DB/Workbench V6.1, DB/Quickchange V6.1, DB/Quickcompare V6.1, DB/SMU V6.1, Administration tool for z/OS V5.1, Object restore tool for z/OS v2.1, Object comparison tool for z/OS V3.1, and Automation tool for z/OS V2.2. | ||
| 500 | _a"April 2005." | ||
| 504 | _aIncludes bibliographical references and index. | ||
| 533 |
_aElectronic reproduction. _bPalo Alto, Calif. : _cebrary, _d2009. _nAvailable via World Wide Web. _nAccess may be limited to ebrary affiliated libraries. |
||
| 630 | 0 | 0 | _aIBM Database 2. |
| 630 | 0 | 0 | _az/OS. |
| 650 | 0 | _aDatabase management. | |
| 655 | 7 |
_aElectronic books. _2local |
|
| 700 | 1 | _aBruni, Paolo.4aut. | |
| 710 | 2 | _aebrary, Inc. | |
| 830 | 0 | _aIBM redbooks. | |
| 856 | 4 | 0 |
_uhttp://site.ebrary.com/lib/rucke/Doc?id=10112607 _zAn electronic book accessible through the World Wide Web; click to view |
| 999 |
_c107055 _d107055 |
||